000
00271nam a22001217a 4500
082
_a
539.7 OLD'I
100
_a
OLDENBERG, O
_9
59683
245
_a
INTRODUCTION TO ATOMIC PHYSICS
250
_a
IST
260
_a
NEWYORK
_b
MCGRAW HILL
_c
1949
300
_a
373P
942
_c
BK
999
_c
569602
_d
569602